Statistics for All Clint Eastwood Films

Click here to take the quiz!

General Stats

  • This quiz has been taken 1,247 times
    (733 since last reset)
  • The average score is 24 of 62

Answer Stats

YearFunctionAnswer% Correct
1966ActorThe Good, the Bad and the Ugly
93%
1971ActorDirty Harry
92%
2008Director | Actor | Composer | ProducerGran Torino
80%
2004Director | Actor | Composer | ProducerMillion Dollar Baby
79%
1964ActorA Fistful of Dollars
78%
1992Director | Actor | ProducerUnforgiven
76%
1965ActorFor a Few Dollars More
74%
1973ActorMagnum Force
63%
2018Actor | Director | ProducerThe Mule
57%
1976Director | ActorThe Outlaw Josey Wales
57%
1971Director | ActorPlay Misty for Me
56%
1978Actor | ProducerEvery Which Way but Loose
55%
1988ActorThe Dead Pool
54%
1993ActorIn the Line of Fire
52%
1983Director | Actor | ProducerSudden Impact
51%
1995Director | Actor | Composer | ProducerThe Bridges of Madison County
50%
1968ActorHang 'em High
49%
1985Director | Actor | ProducerPale Rider
48%
1980ActorAny Which Way You Can
46%
1976ActorThe Enforcer
46%
1973Director | ActorHigh Plains Drifter
45%
2000Director | Actor | ProducerSpace Cowboys
42%
1986Director | Actor | Composer | ProducerHeartbreak Ridge
40%
1970ActorKelly's Heroes
39%
1970ActorTwo Mules for Sister Sara
39%
1968ActorWhere Eagles Dare
39%
1979ActorEscape from Alcatraz
38%
1969ActorPaint Your Wagon
37%
1982Director | Actor | ProducerFirefox
35%
2006Director | Composer | ProducerFlags of Our Fathers
34%
1977Director | Actor | ComposerThe Gauntlet
34%
2006Director | ProducerLetters from Iwo Jima
33%
2014Director | ProducerAmerican Sniper
32%
1975Director | ActorThe Eiger Sanction
32%
2003Director | Composer | ProducerMystic River
31%
1971ActorThe Beguiled
31%
1980Director | ActorBronco Billy
30%
1988Director | ProducerBird
27%
1974ActorThunderbolt and Lightfoot
27%
1984Actor | ProducerTightrope
27%
1997Director | Actor | Composer | ProducerAbsolute Power
26%
1968ActorCoogan's Bluff
26%
1990Director | ActorThe Rookie
26%
1972ActorJoe Kidd
25%
1982Director | Actor | ProducerHonkytonk Man
24%
1989ActorPink Cadillac
24%
2016Director | ProducerSully
24%
2012Actor | ProducerTrouble with the Curve
24%
2002Director | Actor | ProducerBlood Work
23%
1993Director | Actor | ComposerA Perfect World
22%
1984ActorCity Heat
21%
2014Director | ProducerJersey Boys
19%
1990Director | Actor | ProducerWhite Hunter Black Heart
19%
2009Director | ProducerInvictus
16%
1999Director | Actor | Composer | ProducerTrue Crime
16%
1973DirectorBreezy
15%
2008Director | Composer | ProducerChangeling
15%
2011Director | Composer | ProducerJ. Edgar
15%
2018Director | ProducerThe 15:17 to Paris
13%
2010Director | Composer | ProducerHereafter
11%
1997Director | ProducerMidnight in the Garden of Good and Evil
11%
1958ActorAmbush at Cimarron Pass
7%

Score Distribution

Percentile by Number Answered

Percent of People with Each Score

Your Score History

You have not taken this quiz since the last reset